South Eastern Kenya University

Library Online Public Access Catalogue


Organizational behavior / (Record no. 3404)

MARC details
000 -LEADER
fixed length control field 00925cam a22002414a 4500
020 ## - INTERNATIONAL STANDARD BOOK NUMBER
International Standard Book Number 0072931477 (text : alk. paper)
020 ## - INTERNATIONAL STANDARD BOOK NUMBER
International Standard Book Number 0072976861 (pkg., includes CDROM)
020 ## - INTERNATIONAL STANDARD BOOK NUMBER
International Standard Book Number 0071111638 (international ed. : alk. paper)
050 00 - LIBRARY OF CONGRESS CALL NUMBER
Classification number HD58.7
Item number .M42 2005
100 1# - MAIN ENTRY--PERSONAL NAME
Personal name McShane, Steven Lattimore.
245 10 - TITLE STATEMENT
Title Organizational behavior /
Statement of responsibility, etc. Steven L. McShane, Mary Ann Von Glinow.
250 ## - EDITION STATEMENT
Edition statement 3rd ed.
260 ## - PUBLICATION, DISTRIBUTION, ETC. (IMPRINT)
Place of publication, distribution, etc. Boston :
Name of publisher, distributor, etc. McGraw-Hill Irwin,
Date of publication, distribution, etc. c2005.
300 ## - PHYSICAL DESCRIPTION
Extent xxxii, 688 p. :
500 ## - GENERAL NOTE
General note Subtitle on cover: Emerging realities for the workplace revolution.
500 ## - GENERAL NOTE
General note Includes indexes.
650 #0 - SUBJECT ADDED ENTRY--TOPICAL TERM
Topical term following geographic name as entry element Organizational behavior
700 1# - ADDED ENTRY--PERSONAL NAME
Personal name Von Glinow, Mary Ann Young,
856 42 - ELECTRONIC LOCATION AND ACCESS
Uniform Resource Identifier <a href="http://www.loc.gov/catdir/description/mh051/2003070638.html">http://www.loc.gov/catdir/description/mh051/2003070638.html</a>
856 41 - ELECTRONIC LOCATION AND ACCESS
Uniform Resource Identifier <a href="http://www.loc.gov/catdir/toc/mh041/2003070638.html">http://www.loc.gov/catdir/toc/mh041/2003070638.html</a>
856 42 - ELECTRONIC LOCATION AND ACCESS
Uniform Resource Identifier <a href="http://www.loc.gov/catdir/enhancements/fy0737/2003070638-b.html">http://www.loc.gov/catdir/enhancements/fy0737/2003070638-b.html</a>
942 ## - ADDED ENTRY ELEMENTS (KOHA)
Koha item type General circulation
Holdings
Withdrawn status Lost status Source of classification or shelving scheme Damaged status Not for loan Home library Current library Date acquired Cost, normal purchase price Total Checkouts Full call number Barcode Date last seen Cost, replacement price Price effective from Koha item type Public note Shelving location
    Library of Congress Classification     Kitui Town Campus Library Kitui Town Campus Library 09/04/2015 15532.98   HD 58.7 .M42 2005 2024/028013 09/04/2015 16032.00   General circulation dm General Stacks
    Library of Congress Classification     Kitui Town Campus Library Kitui Town Campus Library 20/05/2025     HD 58.7 .M42 2005 2024/028014 20/05/2025   20/05/2025 General circulation   General Stacks
    Library of Congress Classification     Main Campus Library Main Campus Library 11/09/2014 15532.98   HD58.7 .M42 2005 2016/010095 11/09/2014 16032.00 11/09/2014 General circulation BONNIE  
Kitui, Kenya.
+254736116989
library@seku.ac.ke